Malaysian human resource management
| Main Author: | |
|---|---|
| Format: | Book |
| Published: |
Kuala Lumpur :
MIM ,
1996
|
| Subjects: |
MARC
| LEADER | 00000cam a2200000 7i4500 | ||
|---|---|---|---|
| 001 | 0000001839 | ||
| 005 | 20050504.0 | ||
| 020 | |a 9839065033 | ||
| 040 | |a INS | ||
| 090 | 0 | 0 | |a HF5549.2M3 |b Y66 1996 |
| 100 | 1 | |a Alex K. B. Yong | |
| 245 | 1 | 0 | |a Malaysian human resource management |c Alex K. B. Yong |
| 260 | |a Kuala Lumpur : |b MIM , |c 1996 | ||
| 300 | |a 271p. | ||
| 650 | 0 | 0 | |a Personnel management |z Malaysia |
| 999 | |a 0000006637 |b BOOK |c Open Shelf |e Default branch | ||